000
00331nam a22001577a 4500
020
_a
978-0-3-367-20075-6
041
_a
ENG
100
_a
Twidell.J
245
_a
Eenewable Energy Resoures
250
_a
3 Edition
260
_a
London
_b
Routledge
_c
2019
300
_a
784
650
_a
EOES
700
_a
Weir.T
856
_u
EOES
999
_c
67
_d
67